All Midnights songs - Taylor Swift - Statistics

General Stats
  • This quiz has been taken 58 times
  • The average score is 18 of 22
Answer Stats
# Song % Correct
3 Anti-Hero
100%
1 Lavender Haze
98%
6 Midnight Rain
93%
2 Maroon
90%
16 Paris
90%
9 Bejeweled
88%
8 Vigilante Shit
88%
11 Karma
86%
7 Question...?
86%
4 Snow On The Beach (feat. Lana Del Rey)
86%
5 You're On Your Own, Kid
86%
13 Mastermind
81%
14 The Great War
81%
19 Would've Could've Should've
81%
15 Bigger Than The Whole Sky
79%
10 Labyrinth
79%
18 Glitch
76%
21 Hits Different
76%
17 High Infidelity
74%
12 Sweet Nothing
74%
- You're Losing Me
71%
20 Dear Reader
69%
No matching quizzes found
Score Distribution
Percent of People with Each Score
Percentile by Number Answered
Your Score History
You have not taken this quiz